| 000 | 00656nam a22001937a 4500 | ||
|---|---|---|---|
| 003 | OSt | ||
| 005 | 20251119164244.0 | ||
| 008 | 251119b |||||||| |||| 00| 0 eng d | ||
| 020 | _a1-58255-228-2. | ||
| 040 |
_aDWCL-Main lib. _cOC |
||
| 082 |
_22nd ed. _aCirc. 610.73076 N974 2003 |
||
| 245 | _aNCLEX-RN questions & answers made incredibly easy/ | ||
| 250 | _a2nd ed. | ||
| 260 |
_aSpringhouse, Pa. : _bLippincott William & Wilkins, _c c2003. |
||
| 300 |
_avi, 921 p. : _b ill. _c; 23 cm. |
||
| 504 | _aIncludes bibliographical references & index. | ||
| 650 | _a1. Nursing-Examinations, questions, etc. | ||
| 942 |
_2ddc _cBK-CIRC _e2nd ed. _hCirc. _n0 |
||
| 999 |
_c5829 _d5829 |
||